La oreja verde de la escuela (Record no. 186301)

MARC details
000 -LEADER
campo de control de longitud fija 01007nam a2200265 i 4500
001 - NÚMERO DE CONTROL
campo de control 186301
003 - IDENTIFICADOR DE NÚMERO DE CONTROL
campo de control SpMaBN
005 - FECHA Y HORA DE LA ÚLTIMA TRANSACCIÓN
campo de control 20250828112357.0
008 - DATOS DE LONGITUD FIJA--INFORMACIÓN GENERAL
campo de control de longitud fija 161005s1998 sp fo |||| ||spa d
020 ## - NÚMERO INTERNACIONAL ESTÁNDAR DEL LIBRO
Número Internacional Estándar del Libro 84-7960-233-3
080 ## - NÚMERO DE LA CLASIFICACIÓN DECIMAL UNIVERSAL
Número de la Clasificación Decimal Universal 372.3.02
100 1# - ENTRADA PRINCIPAL--NOMBRE DE PERSONA
Nombre de persona Díez Navarro, Mari Carmen,
Fechas asociadas al nombre 1949-
9 (RLIN) 161056
245 13 - MENCIÓN DEL TÍTULO
Título La oreja verde de la escuela
Resto del título : trabajo por proyectos y vida cotidiana en la escuela infantil /
Mención de responsabilidad, etc. Carmen Díez Navarro.
250 ## - MENCION DE EDICION
Mención de edición 2ª ed.
260 ## - PUBLICACIÓN, DISTRIBUCIÓN, ETC.
Lugar de publicación, distribución, etc. Madrid :
Nombre del editor, distribuidor, etc. Ediciones de la Torre,
Fecha de publicación, distribución, etc. 1998.
300 ## - DESCRIPCIÓN FÍSICA
Extensión 206 p., XVI p. de lám. fot. col. ;
Dimensiones 24 cm.
490 1# - MENCIÓN DE SERIE
Mención de serie Proyecto didáctico Quirón ;
Designación de volumen o secuencia 54.
Mención de serie Educación infantil
504 ## - NOTA DE BIBLIOGRAFÍA, ETC.
Nota de bibliografía, etc. Bibliografía: p. 205-206.
650 07 - PUNTO DE ACCESO ADICIONAL DE MATERIA--TÉRMINO DE MATERIA
Término de materia o nombre geográfico como elemento de entrada Educación Infantil
Fuente del encabezamiento o término embne
9 (RLIN) 12111
650 04 - PUNTO DE ACCESO ADICIONAL DE MATERIA--TÉRMINO DE MATERIA
Término de materia o nombre geográfico como elemento de entrada Enseñanza activa.
9 (RLIN) 12299
830 00 - PUNTO DE ACCESO ADICIONAL DE SERIE-TÍTULO UNIFORME
Título uniforme Proyecto didáctico Quirón.
Nombre de parte o sección de la obra Educación infantil
Designación de volumen o secuencia 54.
9 (RLIN) 225396
852 ## - LOCALIZACIÓN
Ubicación ES-MaACL
Número de control de estantería A-13925
itemnumber 193356
Sublocalización o colección R.151237
Ubicación en estantería Depósito 1
Signatura antigua Olim: N-6925
942 ## - ELEMENTOS DE ENTRADA SECUNDARIOS (KOHA)
Fuente del sistema de clasificación o colocación Clasificación decimal universal
Tipo de ítem Koha Libro impreso
Holdings
Estatus retirado Estado de pérdida Fuente del sistema de clasificación o colocación Estado de daño No para préstamo Biblioteca de origen Biblioteca actual Ubicación en estantería Fecha de adquisición Fuente de adquisición Total de préstamos Signatura topográfica completa Código de barras Visto por última vez Precio de reemplazo Tipo de ítem Koha
    Clasificación decimal universal     Biblioteca del Ateneo de Madrid Biblioteca del Ateneo de Madrid Depósito 1 05/10/2016 Donación   A-13925 1196432 23/02/2023 23/02/2023 Libro impreso